000 00864nam a22003135b 4500
001 0414735
003 DO-SdBNP
005 20180221085233.0
007 0414735
008 940929r1992 sp | |||| ||spa
016 7 _a
_2BPMSU
017 _a
_b
020 _a8434809923
035 _a
040 _aBPMSU
_bspa
_cBPMSU
_e
080 0 _a
100 1 _aLaiglesia, Juan Antonio de
_d1917-2002
245 1 0 _aMariquilla la pelá y otros cuentos /
_cJuan A. de Laiglesia ; ilustraciones, Carlos Parrilla
_h
250 _a16º ed.
260 _aMadrid :
_bSM,
_c1994
300 _a133 p. :
_bil.,
_c19 cm
490 _aEl barco de vapor
_v27
500 _a
700 1 _aParrilla, Carlos
_d1958-
_eil.
830 _aEl barco de vapor
_v27
942 _2ddc
_cBK
945 _ainventariado, 2018 / dg
956 _aVMATEO
_210
_320160405
_6BPMSU
_80069
999 _c9548
_d9548